[Event "KOS Cup"]
[Site "Pristina"]
[Date "2020.02.09"]
[Round "1.14"]
[White "Sejdiu, Hysni"]
[Black "Prenaj, Veton"]
[Result "1-0"]
[WhiteElo "1868"]
[BlackElo "1863"]
[PlyCount "75"]
[EventDate "2020.02.09"]
[EventType "k.o."]
[EventRounds "5"]
[EventCountry "KOS"]
[SourceTitle "CBM 195 Extra"]
[Source "ChessBase"]
[SourceDate "2020.05.31"]
[SourceVersion "1"]
[SourceVersionDate "2020.05.31"]
[SourceQuality "1"]

1. d4 d5 2. c4 c6 3. Nc3 Nf6 4. e3 g6 5. Nf3 Bg7 6. Qb3 0-0 7. Bd3 dxc4 8. Bxc4 Nbd7 9. e4 Nb6 10. Be2 Be6 11. Qc2 Bg4 12. Be3 Bxf3 13. Bxf3 Nc4 14. 0-0 Nxe3 15. fxe3 e5 16. Rad1 Qe7 17. a3 Rfd8 18. Kh1 Rac8 19. Qa4 b5 20. Qb3 a5 21. Qc2 b4 22. axb4 axb4 23. Ne2 c5 24. d5 c4 25. Ra1 Bh6 26. Qd2 Qc5 27. Ra4 c3 28. bxc3 bxc3 29. Qc2 Bxe3 30. Nc1 Bd2 31. Nd3 Qd6 32. Rfa1 Rc7 33. Ra6 Qe7 34. h3 Rb8 35. d6 Rb2 36. Nxb2 cxb2 37. Qxb2 Bc3 38. Qxc3 1-0